|
|
|
|
| LEADER |
00000nam0a2200000 4500 |
| 001 |
323347 |
| 005 |
20231102003548.0 |
| 035 |
|
|
|a (RuTPU)RU\TPU\book\348931
|
| 090 |
|
|
|a 323347
|
| 100 |
|
|
|a 20161017d1936 km y0rusy50 ca
|
| 101 |
0 |
|
|a rus
|
| 102 |
|
|
|a RU
|
| 105 |
|
|
|a a z 101zy
|
| 200 |
1 |
|
|a Труды совещания по управлению горным давлением
|f Академия наук СССР (АН СССР) ; отв. ред. А. А. Скочинский
|
| 210 |
|
|
|a Москва
|a Ленинград
|c Изд-во Академии наук СССР
|d 1938
|
| 215 |
|
|
|a 306 с.
|c ил.
|
| 320 |
|
|
|a Библиогр. в конце докл.
|
| 606 |
1 |
|
|a Горное давление
|x Управление
|2 stltpush
|3 (RuTPU)RU\TPU\subj\7565
|9 35172
|
| 610 |
1 |
|
|a совещания
|
| 610 |
1 |
|
|a напряжение
|
| 610 |
1 |
|
|a горные выработки
|
| 610 |
1 |
|
|a кровля
|
| 610 |
1 |
|
|a теория упругости
|
| 610 |
1 |
|
|a сдвижение
|
| 610 |
1 |
|
|a горные породы
|
| 610 |
1 |
|
|a горная крепь
|
| 610 |
1 |
|
|a машинная посадка
|
| 610 |
1 |
|
|a техника безопасности
|
| 610 |
1 |
|
|a деформации
|
| 610 |
1 |
|
|a автоматическая регистрация
|
| 675 |
|
|
|a 622.831.24(063)
|v 3
|
| 702 |
|
1 |
|a Скочинский
|b А. А.
|4 340
|
| 712 |
0 |
2 |
|a Академия наук СССР (АН СССР)
|c (Ленинград/Москва)
|c (1925-1991)
|2 stltpush
|3 (RuTPU)RU\TPU\col\722
|
| 712 |
1 |
2 |
|a Труды совещания по управлению горным давлением
|e Москва
|f 1936
|4 570
|
| 801 |
|
1 |
|a RU
|b 63413507
|c 20161017
|
| 801 |
|
2 |
|a RU
|b 63413507
|c 20191217
|g RCR
|
| 942 |
|
|
|c BK
|